00495nam a2200181 a 450000100060000000300090000600800410001502000150005604000280007108200170009910000270011624500500014326000320019330000100022565000320023565000360026765000100030320060CO-ViMGA141112s2004 ck r 000 u spa d a958615114X aCO-ViMGAbspacCO-ViMGA04a922.21 J815m1 aMartinez, Jesus Manuel10aJuan Pablo II : bal servicio de la humanidad aBogotá : bEducar, c1986 a32 p.14aIGLESIA CATOLICA - GOBIERNO14aJUAN PABLO II, PAPA 1978 - 200514aPAPAS